Komunikasyon sa akademikong Filipino : Filipino 1 / (Record no. 1430)

MARC details
000 -LEADER
fixed length control field 00636nam a2200205 4500
003 - CONTROL NUMBER IDENTIFIER
control field OSt
005 - DATE AND TIME OF LATEST TRANSACTION
control field 20240626083616.0
008 - FIXED-LENGTH DATA ELEMENTS--GENERAL INFORMATION
fixed length control field 240626b |||||||| |||| 00| 0 eng d
020 ## - INTERNATIONAL STANDARD BOOK NUMBER
International Standard Book Number 9789718171264
040 ## - CATALOGING SOURCE
Original cataloging agency DWCL-Main lib.
Transcribing agency OC
082 ## - DEWEY DECIMAL CLASSIFICATION NUMBER
Classification number Fil. 490.7 K96 2008
006 - FIXED-LENGTH DATA ELEMENTS--ADDITIONAL MATERIAL CHARACTERISTICS
fixed length control field a
110 ## - MAIN ENTRY--CORPORATE NAME
Corporate name or jurisdiction name as entry element Rosario U. Maga-atas
245 ## - TITLE STATEMENT
Title Komunikasyon sa akademikong Filipino : Filipino 1 /
260 ## - PUBLICATION, DISTRIBUTION, ETC.
Place of publication, distribution, etc. Manila :
Name of publisher, distributor, etc. Booklore Pub. Corp. ,
Date of publication, distribution, etc. c2008.
300 ## - PHYSICAL DESCRIPTION
Extent iii,
Other physical details 287 p. : ill. ;
Dimensions 23 cm.
504 ## - BIBLIOGRAPHY, ETC. NOTE
Bibliography, etc. note Includes bibliographical references & index.<br/>
651 ## - SUBJECT ADDED ENTRY--GEOGRAPHIC NAME
Geographic name 1. Filipino language-Study and teaching.
942 ## - ADDED ENTRY ELEMENTS (KOHA)
Source of classification or shelving scheme Dewey Decimal Classification
Suppress in OPAC No
Koha item type Book-Filipiniana
Call number prefix Fil.
Holdings
Withdrawn status Lost status Source of classification or shelving scheme Damaged status Not for loan Home library Current library Shelving location Date acquired Source of acquisition Total Checkouts Full call number Barcode Date last seen Copy number Price effective from Koha item type Uniform Resource Identifier
    Dewey Decimal Classification     College Library College Library Filipiniana 01/26/2012 School Fund   Fil. 490.7 K96 2008 49096 06/26/2024 c1 06/26/2024 Book-Filipiniana